[Event "Alberta op"]
[Site "Edmonton"]
[Date "2017.10.08"]
[Round "4"]
[White "Malek, Omid"]
[Black "Laceste, Loren Brigham"]
[Result "1/2-1/2"]
[WhiteElo "2074"]
[BlackElo "2286"]
[PlyCount "105"]
[EventDate "2017.10.07"]
[EventType "swiss"]
[EventRounds "6"]
[EventCountry "CAN"]
[SourceTitle "EXT 2019"]
[Source "ChessBase"]
[SourceDate "2018.10.10"]
[SourceVersion "1"]
[SourceVersionDate "2018.10.10"]
[SourceQuality "1"]

1. d4 d5 2. Bf4 Nf6 3. e3 c5 4. c3 Nc6 5. Nd2 e6 6. Ngf3 Bd6 7. Bg3 a6 8. Bd3 0-0 9. Ne5 Re8 10. f4 Qc7 11. Bf2 b5 12. g4 Nd7 13. g5 Nf8 14. h4 Ne7 15. h5 Nf5 16. Ndf3 c4 17. Bc2 b4 18. g6 f6 19. gxh7+ Nxh7 20. Ng4 Rb8 21. h6 g6 22. Rg1 Kh8 23. Nh4 Rg8 24. Rb1 Bd7 25. Ne5 fxe5 26. fxe5 g5 27. exd6 Qxd6 28. Nf3 Rbf8 29. Ne5 Be8 30. Bg3 Qe7 31. Ng4 Nxg3 32. Rxg3 Bh5 33. Rh3 Qf7 34. Kd2 Bxg4 35. Qxg4 Qf2+ 36. Qe2 g4 37. Rh2 Qf6 38. Bxh7 bxc3+ 39. bxc3 Kxh7 40. Rhh1 Rb8 41. Rhf1 Qg6 42. e4 dxe4 43. Rxb8 Rxb8 44. Qxc4 Qxh6+ 45. Kd1 Qh2 46. Rf7+ Kg8 47. Rb7 Rxb7 48. Qc8+ Kf7 49. Qxb7+ Kf6 50. Qxe4 g3 51. Qf4+ Kg6 52. Qg4+ Kf6 53. Qf4+ 1/2-1/2

[Event "CAN-ch op 49th"]
[Site "Victoria"]
[Date "2012.07.12"]
[Round "8"]
[White "Patterson, Roger"]
[Black "Laceste, Loren Brigham"]
[Result "0-1"]
[WhiteElo "2101"]
[BlackElo "2297"]
[PlyCount "74"]
[EventDate "2012.07.08"]
[EventType "swiss"]
[EventRounds "9"]
[EventCountry "CAN"]
[SourceTitle "CBM 149 Extra"]
[Source "ChessBase"]
[SourceDate "2012.08.24"]
[SourceVersion "1"]
[SourceVersionDate "2012.08.24"]
[SourceQuality "1"]

1. e4 c5 2. Nf3 Nc6 3. d4 cxd4 4. Nxd4 Nf6 5. Nc3 d6 6. Bg5 e6 7. Qd2 a6 8. 0-0-0 Bd7 9. f4 b5 10. Bxb5 axb5 11. Ndxb5 h6 12. Bxf6 gxf6 13. Kb1 Qb8 14. Nxd6+ Bxd6 15. Qxd6 Qxd6 16. Rxd6 Ke7 17. Rhd1 Nb8 18. b3 Rc8 19. Kb2 Ra7 20. R1d2 Rac7 21. R6d3 Na6 22. Nd1 Bc6 23. Nf2 Nc5 24. Re3 Rb7 25. c4 Rcb8 26. Rde2 Na4+ 27. Kc2 Nb6 28. Nd3 Ra7 29. Kc3 Ra3 30. Nc1 Na4+ 31. Kc2 Nc5 32. Kb2 Ra7 33. a3 Na4+ 34. Ka2 Nb6 35. Rc2 Nc8 36. c5 Ra5 37. b4 Rxb4 0-1

[Event "CAN-ch op 49th"]
[Site "Victoria"]
[Date "2012.07.09"]
[Round "4"]
[White "Cao, Jason"]
[Black "Laceste, Loren Brigham"]
[Result "0-1"]
[WhiteElo "2016"]
[BlackElo "2297"]
[PlyCount "68"]
[EventDate "2012.07.08"]
[EventType "swiss"]
[EventRounds "9"]
[EventCountry "CAN"]
[SourceTitle "CBM 149 Extra"]
[Source "ChessBase"]
[SourceDate "2012.08.24"]
[SourceVersion "1"]
[SourceVersionDate "2012.08.24"]
[SourceQuality "1"]

1. e4 c5 2. Nf3 Nc6 3. Bb5 Nf6 4. d3 Qa5+ 5. Nc3 Nd4 6. Bc4 b5 7. Bb3 Nxb3 8. cxb3 d6 9. 0-0 e5 10. Bg5 b4 11. Ne2 Be7 12. Ng3 Qd8 13. Nd2 0-0 14. Bxf6 Bxf6 15. Qf3 g6 16. Nc4 Bg7 17. a3 Rb8 18. axb4 Rxb4 19. Rxa7 Rxb3 20. Ra3 Rb4 21. h3 Be6 22. Qe2 Qb8 23. Ra6 d5 24. exd5 Bxd5 25. Ne4 f5 26. Nxc5 Rc8 27. Na4 Rcxc4 28. Rb6 Rxb6 29. Nxb6 Rd4 30. Nxd5 Rxd5 31. Qf3 Qd6 32. b4 Rb5 33. Qa8+ Bf8 34. Qa2+ Qd5 0-1

[Event "Keres Memorial 37th"]
[Site "Vancouver"]
[Date "2012.05.19"]
[Round "2"]
[White "Soliven, Joe"]
[Black "Laceste, Loren Brigham"]
[Result "0-1"]
[WhiteElo "2232"]
[BlackElo "2292"]
[PlyCount "112"]
[EventDate "2012.05.19"]
[EventType "swiss"]
[EventRounds "6"]
[EventCountry "CAN"]
[SourceTitle "CBM 148 Extra"]
[Source "ChessBase"]
[SourceDate "2012.06.22"]
[SourceVersion "1"]
[SourceVersionDate "2012.06.22"]
[SourceQuality "1"]

1. Nf3 Nf6 2. b3 g6 3. Bb2 Bg7 4. g3 c5 5. c4 0-0 6. Nc3 Nc6 7. Bg2 e5 8. 0-0 d6 9. Nh4 g5 10. Nf3 h6 11. d3 Ne8 12. e3 f5 13. Nd5 e4 14. Bxg7 exf3 15. Bxf8 fxg2 16. Bxh6 gxf1Q+ 17. Kxf1 Ng7 18. h4 gxh4 19. f4 h3 20. Qe2 Kf7 21. Bg5 Qh8 22. Qb2 Be6 23. Qf6+ Kg8 24. Bh6 Bxd5 25. cxd5 Nd8 26. Kf2 Nf7 27. Bg5 Qh5 28. Rh1 Nxg5 29. fxg5 Re8 30. Qh6 Qxh6 31. gxh6 Nh5 32. Rxh3 Nf6 33. Kf3 Nxd5 34. e4 fxe4+ 35. dxe4 Nf6 36. Rh4 Kh7 37. Rf4 Kg6 38. Rh4 Rh8 39. Kf4 Nh5+ 40. Ke3 Rxh6 41. Kd3 Nf6 42. Rf4 Rh3 43. Rf3 Nd7 44. Kc3 Ne5 45. Re3 b5 46. b4 Kf6 47. a3 Ke6 48. a4 bxa4 49. b5 d5 50. exd5+ Kxd5 51. Kd2 Kd4 52. Ra3 c4 53. Rxa4 Rh2+ 54. Kd1 Nd3 55. g4 Nc5 56. g5 Nxa4 0-1

[Event "Wch U18"]
[Site "Caldas Novas"]
[Date "2011.11.18"]
[Round "1"]
[White "Laceste, Loren Brigham"]
[Black "Samarakone, UL."]
[Result "1-0"]
[WhiteElo "2309"]
[BlackElo "1909"]
[PlyCount "59"]
[EventDate "2011.11.18"]
[EventType "swiss"]
[EventRounds "9"]
[EventCountry "BRA"]
[SourceTitle "EXT 2013"]
[Source "ChessBase"]
[SourceDate "2012.11.22"]
[SourceVersion "1"]
[SourceVersionDate "2012.11.22"]
[SourceQuality "1"]

1. d4 f5 2. g3 Nf6 3. Bg2 g6 4. Nh3 Bg7 5. 0-0 Nc6 6. c4 d6 7. f3 0-0 8. Nf2 e5 9. d5 Ne7 10. e4 f4 11. Nc3 g5 12. Bd2 h5 13. Nd3 Ng6 14. Rc1 Bh6 15. b4 Qe7 16. c5 g4 17. Qe1 Ne8 18. Ne2 gxf3 19. Rxf3 Bg4 20. Rf1 h4 21. gxf4 Bxe2 22. Qxe2 exf4 23. Kh1 Qg5 24. Bf3 Kf7 25. Rg1 Qe7 26. Bc3 Nf6 27. e5 dxe5 28. Nxe5+ Nxe5 29. Bxe5 Ke8 30. Rce1 1-0

[Event "British Columbia-ch"]
[Site "Burnaby"]
[Date "2011.10.08"]
[Round "2.1"]
[White "Laceste, Loren Brigham"]
[Black "Sohal, Tanraj"]
[Result "1-0"]
[WhiteElo "2158"]
[BlackElo "2186"]
[PlyCount "105"]
[EventDate "2011.10.07"]
[EventType "tourn"]
[EventRounds "7"]
[EventCountry "CAN"]
[SourceTitle "EXT 2022"]
[Source "ChessBase"]
[SourceDate "2021.10.06"]
[SourceVersion "1"]
[SourceVersionDate "2021.10.06"]
[SourceQuality "1"]

1. d4 c5 2. d5 e5 3. e4 d6 4. Nf3 Be7 5. Nc3 Bg4 6. h3 Bxf3 7. Qxf3 Bg5 8. Bxg5 Qxg5 9. Nb5 Qd8 10. Qg4 g6 11. Nxd6+ Qxd6 12. Qc8+ Qd8 13. Bb5+ Nd7 14. Bxd7+ Ke7 15. Qxb7 Rb8 16. Qxa7 Qb6 17. Qxb6 Rxb6 18. Bc6 Rxb2 19. Kd2 Nf6 20. f3 Rhb8 21. a4 R2b6 22. g4 Kd6 23. Rhe1 Ng8 24. Bb5 Ne7 25. c4 f6 26. h4 h6 27. Kd3 R6b7 28. Ra2 Ra7 29. Rg2 Rf8 30. Kd2 Rh8 31. f4 Raa8 32. g5 Raf8 33. a5 fxg5 34. fxe5+ Kxe5 35. hxg5 h5 36. a6 Nc8 37. Bc6 Nd6 38. a7 Nxc4+ 39. Kc3 Nb6 40. Rb1 Na8 41. Kc4 h4 42. Rh2 h3 43. Kxc5 Kxe4 44. d6+ Kf4 45. Rf2+ Kg3 46. Rxf8 Rxf8 47. Bxa8 Rxa8 48. d7 h2 49. Kb6 Kg2 50. Kb7 Rd8 51. a8Q h1Q 52. Rxh1 Rxa8 53. Kxa8 1-0

[Event "CAN-ch U18"]
[Site "Richmond Hill"]
[Date "2011.07.08"]
[Round "7"]
[White "Calugar, Arthur"]
[Black "Laceste, Loren Brigham"]
[Result "0-1"]
[WhiteElo "2247"]
[BlackElo "2027"]
[PlyCount "130"]
[EventDate "2011.07.06"]
[EventType "swiss"]
[EventRounds "7"]
[EventCountry "CAN"]
[SourceTitle "EXT 2022"]
[Source "ChessBase"]
[SourceDate "2021.10.06"]
[SourceVersion "1"]
[SourceVersionDate "2021.10.06"]
[SourceQuality "1"]

1. b3 d5 2. Bb2 Nf6 3. Nf3 e6 4. e3 Be7 5. d4 0-0 6. Bd3 b6 7. 0-0 Bb7 8. Nbd2 Nbd7 9. c4 c5 10. cxd5 Nxd5 11. Rc1 cxd4 12. Nxd4 Nc5 13. Bb1 Bf6 14. Ba3 Rc8 15. b4 Nd7 16. Qb3 Rxc1 17. Rxc1 Bxd4 18. Qd3 Qh4 19. Nf3 Ne5 20. Nxh4 Nxd3 21. Bxd3 Bf6 22. Nf3 Be7 23. e4 Bxb4 24. Bxb4 Nxb4 25. Rc7 Ba8 26. Bb1 a5 27. a3 Na6 28. Ra7 Nc5 29. Ne5 f6 30. Nc4 Rd8 31. f3 Bb7 32. Kf2 Rd1 33. Bc2 Rc1 34. Ne3 Kf8 35. Ke2 Ke8 36. Kd2 Rg1 37. Nc4 Kd7 38. Nxb6+ Kc6 39. Nc4 Rxg2+ 40. Kc3 Ba6 41. Nd2 h5 42. h4 e5 43. Bd1 Kb6 44. Re7 Bb5 45. a4 Bxa4 46. Nc4+ Kb5 47. Bxa4+ Nxa4+ 48. Kd3 Nc5+ 49. Kc3 Rg1 50. Nd2 Rc1+ 51. Kb2 Nd3+ 52. Ka3 Rc3+ 53. Ka2 Rc2+ 54. Kb3 Rxd2 55. Kc3 Rd1 56. Rxg7 Nf4 57. Rf7 Rd3+ 58. Kc2 Rd6 59. Kb3 a4+ 60. Kc3 Rc6+ 61. Kb2 Kc4 62. Ra7 Kd3 63. Rxa4 Ke2 64. Ra3 Nd3+ 65. Ka1 Ne1 0-1

[Event "Langley Labour Day op"]
[Site "Langley"]
[Date "2010.09.06"]
[Round "6.2"]
[White "Laceste, Loren Brigham"]
[Black "Fuentebella, Mayo"]
[Result "1/2-1/2"]
[WhiteElo "1748"]
[BlackElo "2336"]
[PlyCount "28"]
[EventDate "2010.09.??"]
[EventType "swiss"]
[EventRounds "6"]
[EventCountry "CAN"]
[SourceTitle "EXT 2022"]
[Source "ChessBase"]
[SourceDate "2021.10.06"]
[SourceVersion "1"]
[SourceVersionDate "2021.10.06"]
[SourceQuality "1"]

1. d4 Nf6 2. c4 e5 3. Nf3 exd4 4. Nxd4 Nc6 5. Nf3 Bc5 6. e3 d6 7. a3 a5 8. Be2 0-0 9. 0-0 Re8 10. b3 Bf5 11. Bb2 h6 12. Re1 Ne4 13. Nc3 Nxc3 14. Bxc3 Qe7 1/2-1/2

[Event "Langley Labour Day op"]
[Site "Langley"]
[Date "2010.09.05"]
[Round "3.3"]
[White "Laceste, Loren Brigham"]
[Black "Sohal, Tanraj"]
[Result "1-0"]
[WhiteElo "1748"]
[BlackElo "2165"]
[PlyCount "133"]
[EventDate "2010.09.??"]
[EventType "swiss"]
[EventRounds "6"]
[EventCountry "CAN"]
[SourceTitle "EXT 2022"]
[Source "ChessBase"]
[SourceDate "2021.10.06"]
[SourceVersion "1"]
[SourceVersionDate "2021.10.06"]
[SourceQuality "1"]

1. d4 Nf6 2. c4 e6 3. Nf3 c5 4. d5 d6 5. Nc3 e5 6. e4 Be7 7. h3 0-0 8. g4 a6 9. Qc2 Bd7 10. Bd2 Qc8 11. a4 b6 12. Ne2 Ne8 13. Ng3 g6 14. Bd3 Ng7 15. Bh6 f6 16. Nd2 Ra7 17. 0-0 Be8 18. Be3 Bd8 19. Kg2 Raf7 20. f4 Nd7 21. f5 g5 22. Rh1 Nb8 23. h4 h6 24. Nf3 Rb7 25. Qd2 Be7 26. Rh2 Qd8 27. hxg5 hxg5 28. b3 Kf7 29. Rh7 Rg8 30. Rf1 Kf8 31. Qf2 Nd7 32. Nxg5 fxg5 33. f6 Bxf6 34. Bxg5 Bf7 35. Bxf6 Nxf6 36. Qxf6 Qxf6 37. Rxf6 Ne8 38. Rf2 Rxg4 39. Be2 Rg7 40. Rh8+ Ke7 41. Rxf7+ Rxf7 42. Bh5 Ng7 43. Bxf7 Kxf7 44. Rd8 Ke7 45. Ra8 a5 46. Kf3 Kd7 47. Kg4 Ne8 48. Kg5 Rc7 49. Rb8 Rc8 50. Rxb6 Nc7 51. Nf5 Rg8+ 52. Kf6 Ne8+ 53. Kf7 Rg4 54. Rb8 Rxe4 55. Rxe8 Rf4 56. Re7+ Kd8 57. Ra7 Rxf5+ 58. Ke6 Rh5 59. Kxd6 Kc8 60. Kc6 Kb8 61. Re7 Rh3 62. d6 Rh6 63. Re8+ Ka7 64. Kc7 Rh3 65. d7 Rxb3 66. d8Q Rb7+ 67. Kc6 1-0

[Event "Langley Labour Day op"]
[Site "Langley"]
[Date "2010.09.05"]
[Round "4.2"]
[White "Wu, Howard"]
[Black "Laceste, Loren Brigham"]
[Result "0-1"]
[WhiteElo "2214"]
[BlackElo "1748"]
[PlyCount "104"]
[EventDate "2010.09.??"]
[EventType "swiss"]
[EventRounds "6"]
[EventCountry "CAN"]
[SourceTitle "EXT 2022"]
[Source "ChessBase"]
[SourceDate "2021.10.06"]
[SourceVersion "1"]
[SourceVersionDate "2021.10.06"]
[SourceQuality "1"]

1. e4 c5 2. Nf3 Nc6 3. Bb5 a6 4. Bxc6 bxc6 5. 0-0 d6 6. h3 e5 7. c3 Be7 8. d4 cxd4 9. cxd4 Qc7 10. Nc3 Nf6 11. Be3 0-0 12. Rc1 exd4 13. Nxd4 c5 14. Nde2 Qb7 15. Qc2 Re8 16. Nf4 Bf8 17. f3 Rb8 18. b3 Bd7 19. Rfd1 Bc6 20. Qf2 Rbd8 21. Nfd5 Nxd5 22. Nxd5 f5 23. Bg5 Rc8 24. Qc2 Qf7 25. Bh4 Rb8 26. Bf2 fxe4 27. fxe4 Re6 28. Qe2 Qg6 29. Qxa6 Bb7 30. Qc4 Qxe4 31. Nf4 Qxc4 32. Rxc4 Re5 33. Bg3 Ra8 34. Rc2 g6 35. Ne2 Re6 36. Nc3 Rd8 37. Na4 Rde8 38. Nb6 Re2 39. Rdd2 R2e6 40. Kh2 Be4 41. Rc4 Bc6 42. Nd5 Bh6 43. Nf4 Rf6 44. Nd5 Rf5 45. Nf4 Bb5 46. Rdc2 Bxc4 47. Rxc4 d5 48. Ra4 Bxf4 49. Bxf4 d4 50. Bh6 Ree5 51. Ra7 d3 52. Bd2 Re2 0-1